Central Library OPAC University of Rajshahi

Nanga Parbat pilgrimage / (Record no. 16382)

MARC details
000 -LEADER
fixed length control field 00680nam a22002292a 4500
001 - CONTROL NUMBER
control field 16382
003 - CONTROL NUMBER IDENTIFIER
rucl marc code BD-RjUL
005 - DATE AND TIME OF LATEST TRANSACTION
control field 20211209000013.0
008 - FIXED-LENGTH DATA ELEMENTS--GENERAL INFORMATION
fixed length control field 140213t1956 enk 001 0 eng d
035 ## - SYSTEM CONTROL NUMBER
System control number (BD-RjUL)16437
040 ## - CATALOGING SOURCE
Original cataloging agency APL
Transcribing agency APL
Modifying agency UKM
-- EQO
-- BD-RjUL
Language of cataloging eng
041 ## - LANGUAGE CODE
Language code of text/sound track or separate title eng
082 04 - DEWEY DECIMAL CLASSIFICATION NUMBER
Classification number 796.52
Author mark and year BUN 1956
100 1# - MAIN ENTRY--PERSONAL NAME
Personal name Buhl, Hermann,
Dates associated with a name 1924-1957.
9 (RLIN) 50644
245 10 - TITLE STATEMENT
Title Nanga Parbat pilgrimage /
Statement of responsibility, etc. Trans. By Hugh Merrick
260 ## - PUBLICATION, DISTRIBUTION, ETC. (IMPRINT)
Place of publication, distribution, etc. London :
Name of publisher, distributor, etc. Hodder and Stoughton,
Date of publication, distribution, etc. 1956.
300 ## - PHYSICAL DESCRIPTION
Pagination 360 p. :
Illustrations illus., ports., maps ;
Size 23 cm.
504 ## - BIBLIOGRAPHY, ETC. NOTE
Bibliography, etc includes index.
650 ## - SUBJECT ADDED ENTRY--TOPICAL TERM
Topical term or geographic name as entry element Buhl, Hermann, -- 1924-1957.
9 (RLIN) 50645
942 ## - ADDED ENTRY ELEMENTS (KOHA)
Source of classification or shelving scheme Dewey Decimal Classification
Koha item type Books
Holdings
Lost status Source of classification or shelving scheme Damaged status Not for loan Collection code Permanent Location Current Location Shelving location Date acquired Source of acquisition Cost, normal purchase price Total Checkouts Full call number Date last seen Copy number Koha item type
  Dewey Decimal Classification   Not For Loan Non-fiction Central Library, University of Rajshahi Central Library, University of Rajshahi Reading Room 14/01/1958 B.H.Black well 1.50   796.52 BUN 1956 13/02/2014 C-1 Books